[Event "DEM U16 2003"]
[Site "Willingen GER"]
[Date "2003.06.08"]
[Round "2"]
[White "Nüsken, Nikolas"]
[Black "Wolter, Jens"]
[Result "1-0"]
[Termination "normal"]
[Board "11"]
[WhiteElo "2094"]
[BlackElo "1790"]
[PlyCount "55"]
[WhiteFideId "24605891"]
[BlackFideId "4698185"]
[EventCountry "GER"]
[EventRounds "9"]
[EventType "swiss"]
[EventDate "2003.06.07"]

1. e4 c5 2. Nf3 g6 3. d4 Bg7 4. Nc3 cxd4 5. Nxd4 Nc6 6. Be3 Nf6 7. Bc4 Qa5 8.
O-O O-O 9. Bb3 d6 10. h3 Bd7 11. f4 Nxd4 12. Bxd4 Bc6 13. Qd3 Rad8 14. Rad1 b5
15. Nd5 Bxd5 16. exd5 Nd7 17. Bxg7 Kxg7 18. Rde1 Rfe8 19. Re3 Nc5 20. Qd4+ Kg8
21. f5 Nd7 22. fxg6 hxg6 23. Qf4 f6 24. Qh6 Nf8 25. c3 b4 26. Bc2 g5 27. Rg3
Qc5+ 28. Kh1 1-0

[Event "DEM U16 2003"]
[Site "Willingen GER"]
[Date "2003.06.08"]
[Round "2"]
[White "Poysti, Nathanael"]
[Black "Hillmann, Michael"]
[Result "1-0"]
[Termination "normal"]
[Board "12"]
[WhiteElo "1879"]
[BlackElo "1763"]
[PlyCount "87"]
[BlackFideId "24609889"]
[EventCountry "GER"]
[EventRounds "9"]
[EventType "swiss"]
[EventDate "2003.06.07"]

1. d4 f5 2. h3 Nf6 3. g4 e6 4. Bg5 Be7 5. gxf5 exf5 6. e3 d5 7. Nd2 Be6 8. Ne2
Nbd7 9. Nf4 Bf7 10. Bd3 Ne4 11. Bxe7 Qxe7 12. h4 Ndf6 13. Qe2 O-O-O 14. O-O-O
Rd6 15. Nb3 Rb6 16. Rhg1 g6 17. f3 Nd6 18. Rde1 Nd7 19. Rh1 Nc4 20. e4 fxe4 21.
fxe4 c6 22. exd5 Qxe2 23. Rxe2 Bxd5 24. Nxd5 cxd5 25. h5 Rf8 26. hxg6 hxg6 27.
c3 Rf3 28. Bxc4 dxc4 29. Na5 g5 30. Nxc4 Rbf6 31. Rh7 Rf1+ 32. Kd2 R1f2 33.
Nd6+ Kb8 34. Rxd7 Rxe2+ 35. Kxe2 g4 36. Rxb7+ Ka8 37. Rg7 Rxd6 38. Rxg4 Ra6 39.
a3 Rb6 40. b4 Ra6 41. Kd3 Rxa3 42. Rg7 a5 43. bxa5 Rxa5 44. c4 1-0

[Event "DEM U16 2003"]
[Site "Willingen GER"]
[Date "2003.06.08"]
[Round "2"]
[White "Kaufmann, Benjamin"]
[Black "Kürsten, Rüdiger"]
[Result "0-1"]
[Termination "normal"]
[Board "13"]
[WhiteElo "1675"]
[BlackElo "1850"]
[PlyCount "63"]
[WhiteFideId "24613525"]
[BlackFideId "24605816"]
[EventCountry "GER"]
[EventRounds "9"]
[EventType "swiss"]
[EventDate "2003.06.07"]

1. d4 Nf6 2. Nf3 e6 3. Bf4 c5 4. c3 b6 5. e3 Bb7 6. Nbd2 d5 7. Bd3 Be7 8. h3
O-O 9. O-O Nbd7 10. Re1 Ne4 11. Ne5 f5 12. f3 Nxe5 13. Bxe5 Nf6 14. e4 Nd7 15.
exf5 exf5 16. Qe2 Bg5 17. f4 Bh4 18. Rf1 Nxe5 19. fxe5 g6 20. Nf3 Bg3 21. Qe3
f4 22. Qe2 Qe7 23. a3 a5 24. Nh2 Rac8 25. Rac1 Rc7 26. Qd2 Bc8 27. Rf3 g5 28.
Be2 g4 29. Rff1 gxh3 30. Ng4 hxg2 31. Kxg2 Qg5 32. Qd1 0-1

[Event "DEM U16 2003"]
[Site "Willingen GER"]
[Date "2003.06.08"]
[Round "2"]
[White "Beckmann, Emanuel"]
[Black "Victor, Silver Star"]
[Result "1-0"]
[Termination "normal"]
[Board "14"]
[WhiteElo "1842"]
[BlackElo "1628"]
[PlyCount "24"]
[WhiteFideId "24608025"]
[EventCountry "GER"]
[EventRounds "9"]
[EventType "swiss"]
[EventDate "2003.06.07"]

1. e4 e5 2. Nc3 Nf6 3. f4 d5 4. fxe5 Nxe4 5. d3 Qh4+ 6. g3 Nxg3 7. Nf3 Qh5 8.
Nxd5 Na6 9. Nf4 Qh6 10. Ne2 Qxc1 11. Rxc1 Nxh1 12. Bg2 Bc5 1-0

[Event "DEM U16 2003"]
[Site "Willingen GER"]
[Date "2003.06.09"]
[Round "3"]
[White "Rohde, Torsten"]
[Black "Degtiarev, Jewgeni"]
[Result "0-1"]
[Termination "normal"]
[Board "1"]
[WhiteElo "2182"]
[BlackElo "2254"]
[PlyCount "54"]
[WhiteFideId "4665007"]
[BlackFideId "4149610"]
[EventCountry "GER"]
[EventRounds "9"]
[EventType "swiss"]
[EventDate "2003.06.07"]

1. e4 e5 2. Nf3 Nc6 3. Bb5 a6 4. Bxc6 dxc6 5. O-O Qd6 6. d4 exd4 7. Nxd4 Bd7 8.
Be3 O-O-O 9. Nc3 Nh6 10. f3 f5 11. Qe2 fxe4 12. Nxe4 Qe5 13. Bf2 c5 14. Nb3 Bb5
15. c4 Bc6 16. Bg3 Qe8 17. Rfe1 Bxe4 18. Qxe4 Qxe4 19. Rxe4 Nf5 20. Bf2 b6 21.
Rae1 g6 22. Bg3 Nxg3 23. hxg3 Bg7 24. R4e2 Rd7 25. Nc1 Rhd8 26. b3 Bc3 27. Rf1
Rd1 0-1

[Event "DEM U16 2003"]
[Site "Willingen GER"]
[Date "2003.06.09"]
[Round "3"]
[White "Meier, Georg"]
[Black "Becker, Martin Alexander"]
[Result "1-0"]
[Termination "normal"]
[Board "2"]
[WhiteElo "2253"]
[BlackElo "2199"]
[PlyCount "154"]
[WhiteFideId "4675783"]
[BlackFideId "4680820"]
[EventCountry "GER"]
[EventRounds "9"]
[EventType "swiss"]
[EventDate "2003.06.07"]

1. d4 d5 2. Nf3 Nf6 3. e3 e6 4. Bd3 Bd6 5. O-O O-O 6. b3 b6 7. Bb2 Ne4 8. c4
Bb7 9. Nc3 Nxc3 10. Bxc3 Nd7 11. Rc1 c5 12. cxd5 exd5 13. Qc2 g6 14. Rfd1 Rc8
15. dxc5 bxc5 16. Bb2 Qe7 17. Qe2 Ne5 18. Nxe5 Bxe5 19. Bxe5 Qxe5 20. Ba6 Bxa6
21. Qxa6 Rc7 22. Qa5 Rfc8 23. g3 Qe4 24. Qd2 Rd7 25. Qc2 Qe6 26. Rd3 c4 27. Qd1
Rcd8 28. Rd4 cxb3 29. axb3 Kg7 30. Qd2 Qb6 31. b4 Qe6 32. Rc5 Kg8 33. Kg2 Kg7
34. Rc3 Kf8 35. Rcd3 f5 36. h4 h5 37. Qc3 Kg8 38. Rd2 a6 39. Qc5 Kh7 40. Kf1
Kh6 41. R2d3 Rd6 42. Rc3 R6d7 43. Qa5 Re8 44. Kg2 Red8 45. Rc5 Kh7 46. Qa4 Kh6
47. Qa2 Rd6 48. Qe2 R6d7 49. Qf3 Qe5 50. Ra5 Rd6 51. Qe2 Qe6 52. Qb2 Kh7 53.
Kf1 Kh6 54. Rc5 R6d7 55. Rd1 Qe4 56. Kg1 Rd6 57. Rc7 R6d7 58. Rxd7 Rxd7 59.
Qh8+ Rh7 60. Qf8+ Rg7 61. Rc1 Qe7 62. Qh8+ Rh7 63. Qd4 Qe4 64. Qf6 Qe7 65. Qd4
Qe4 66. Qb6 Rd7 67. Rc8 Qb1+ 68. Kg2 Qe4+ 69. Kg1 Qb1+ 70. Kh2 Qf1 71. Rc2 Qd3
72. Rc6 f4 73. exf4 Re7 74. Qc5 Qe4 75. f5 Qxf5 76. Qd4 Kh7 77. Rxa6 Rf7 1-0

[Event "DEM U16 2003"]
[Site "Willingen GER"]
[Date "2003.06.09"]
[Round "3"]
[White "Heinz, Axel"]
[Black "Lutz, Dieter"]
[Result "1/2-1/2"]
[Termination "normal"]
[Board "3"]
[WhiteElo "2269"]
[BlackElo "2139"]
[PlyCount "113"]
[WhiteFideId "4667557"]
[BlackFideId "4667565"]
[EventCountry "GER"]
[EventRounds "9"]
[EventType "swiss"]
[EventDate "2003.06.07"]

1. e4 c5 2. Nf3 e6 3. d4 cxd4 4. Nxd4 a6 5. Bd3 Qc7 6. O-O Nf6 7. Qe2 d6 8. c4
Be7 9. Nc3 Nbd7 10. f4 b6 11. Kh1 Bb7 12. Bd2 O-O 13. Rae1 g6 14. Nf3 Rfe8 15.
Ng5 Bf8 16. e5 Nh5 17. Nxh7 Bh6 18. exd6 Qxd6 19. Ng5 Nc5 20. Bb1 Rad8 21. Be3
Qe7 22. Nge4 Qh4 23. Bf2 Qe7 24. Be3 Qh4 25. Qf2 Qxf2 26. Rxf2 Nd3 27. Bxd3
Rxd3 28. Bxb6 Rc8 29. c5 Bxf4 30. Rff1 f5 31. Nf2 Re3 32. Rd1 Bc6 33. Nd3 g5
34. Nb4 Be5 35. Rd8+ Rxd8 36. Bxd8 Bxc3 37. Nxc6 Bxb2 38. Ba5 Ba3 39. Ne7+ Kf7
40. c6 Bd6 41. Nc8 Be5 42. Nb6 Re4 43. Nd7 Bd6 44. Rc1 Rh4 45. c7 Bxh2 46. Be1
Ng3+ 47. Bxg3 Bxg3+ 48. Kg1 Bh2+ 49. Kf1 Rf4+ 50. Ke2 Re4+ 51. Kd3 Bxc7 52.
Rxc7 Kg6 53. Rc6 Re1 54. Nc5 Kf7 55. Nxa6 e5 56. Rc2 Ke6 57. Rc6+ 1/2-1/2

[Event "DEM U16 2003"]
[Site "Willingen GER"]
[Date "2003.06.09"]
[Round "3"]
[White "Krämer, Martin"]
[Black "Eisenbeiser, Amadeus"]
[Result "1/2-1/2"]
[Termination "normal"]
[Board "4"]
[WhiteElo "2173"]
[BlackElo "2243"]
[PlyCount "202"]
[WhiteFideId "4671910"]
[BlackFideId "4678338"]
[EventCountry "GER"]
[EventRounds "9"]
[EventType "swiss"]
[EventDate "2003.06.07"]

1. e4 d6 2. d4 Nf6 3. Nc3 g6 4. Be3 c6 5. Qd2 b5 6. Bd3 Nbd7 7. Nf3 e5 8. dxe5
dxe5 9. h3 Bb7 10. O-O Bg7 11. a4 a6 12. Ne2 Qe7 13. Ng3 O-O 14. c4 b4 15. c5
a5 16. Qc2 Rfd8 17. Rfd1 h6 18. Nd2 Ne8 19. Ne2 Nf8 20. Nc1 Ne6 21. Ncb3 Qc7
22. Bc4 Bc8 23. Nf3 Rxd1+ 24. Rxd1 Kh8 25. Bf1 Bf8 26. Nfd2 Nf6 27. Nc4 Ba6 28.
Nb6 Ra7 29. Bxa6 Rxa6 30. Qe2 Ra7 31. Qf3 Bg7 32. Bxh6 Nxc5 33. Nxc5 Qxb6 34.
Be3 Qb8 35. Bg5 Qb6 36. Nb3 c5 37. Be3 Rc7 38. Rc1 Qe6 39. Rxc5 Rxc5 40. Nxc5
Qc6 41. Qd1 Kh7 42. Qd8 b3 43. Qxa5 Nxe4 44. Qb5 Qxb5 45. axb5 Nxc5 46. Bxc5 e4
47. b6 Bxb2 48. b7 Be5 49. Bd4 Bb8 50. Kf1 f5 51. Ke2 Kg8 52. Kd2 Kf7 53. Kc3
Ke6 54. Kxb3 Kd5 55. Kc3 Kc6 56. Kc4 f4 57. Bc5 Be5 58. Bd4 Bc7 59. Bf6 Kxb7
60. Kd4 e3 61. fxe3 Bb6+ 62. Ke5 fxe3 63. Bh4 e2 64. g4 g5 65. Be1 Kc6 66. Kf5
Bd8 67. Ke5 Kd7 68. Kf5 Ke8 69. Ke4 Kf7 70. Kf3 Kg6 71. Kxe2 Bc7 72. Bd2 Bd8
73. Kf2 Bf6 74. Be3 Be7 75. Kg3 Bd6+ 76. Kf3 Be7 77. Bf2 Bd6 78. Bg3 Be7 79.
Ke4 Bf6 80. Kf3 Be7 81. Kg2 Bf6 82. Kh2 Be7 83. Be5 Bd8 84. Kg3 Be7 85. Kf3 Bc5
86. Ke4 Be7 87. Kd5 Bd8 88. Ke6 Bb6 89. Bg3 Be3 90. Ke5 Bb6 91. Ke4 Bd8 92. Kf3
Bb6 93. Bd6 Bd8 94. Kg3 Bf6 95. Bc7 Be7 96. Be5 Bc5 97. h4 gxh4+ 98. Kxh4 Be7+
99. Kg3 Bc5 100. Bf4 Be7 101. g5 Bxg5 1/2-1/2

[Event "DEM U16 2003"]
[Site "Willingen GER"]
[Date "2003.06.09"]
[Round "3"]
[White "Armbrust, Florian"]
[Black "Mijatovic, Vladimir"]
[Result "1-0"]
[Termination "normal"]
[Board "5"]
[WhiteElo "2234"]
[BlackElo "2082"]
[PlyCount "77"]
[WhiteFideId "4691350"]
[BlackFideId "934062"]
[EventCountry "GER"]
[EventRounds "9"]
[EventType "swiss"]
[EventDate "2003.06.07"]

1. e4 c5 2. Nc3 Nc6 3. g3 g6 4. Bg2 Bg7 5. d3 e6 6. f4 Nge7 7. Nf3 d6 8. O-O
O-O 9. Be3 b6 10. d4 d5 11. exd5 Nf5 12. Bf2 Ncxd4 13. Ne5 exd5 14. Nxd5 Be6
15. c4 Rc8 16. a4 Qd6 17. a5 b5 18. b3 Rfd8 19. g4 Ne7 20. Bxd4 Bxd5 21. cxd5
cxd4 22. Qxd4 Nc6 23. Qf2 Nxe5 24. fxe5 Bxe5 25. Qxf7+ Kh8 26. Rae1 Rc7 27. Qe6
Bxh2+ 28. Kh1 Bg3 29. Re3 Bf4 30. Rh3 Re7 31. Qxd6 Bxd6 32. Rhf3 Kg7 33. Rf6
Bb4 34. g5 Rdd7 35. Ra6 Re5 36. d6 Bc5 37. Rc6 Rxg5 38. Rc7 Rh5+ 39. Bh3 1-0

[Event "DEM U16 2003"]
[Site "Willingen GER"]
[Date "2003.06.09"]
[Round "3"]
[White "Germer, Philipp"]
[Black "Nüsken, Nikolas"]
[Result "1/2-1/2"]
[Termination "normal"]
[Board "6"]
[WhiteElo "2149"]
[BlackElo "2094"]
[PlyCount "69"]
[WhiteFideId "4693523"]
[BlackFideId "24605891"]
[EventCountry "GER"]
[EventRounds "9"]
[EventType "swiss"]
[EventDate "2003.06.07"]

1. Nc3 c5 2. Nf3 g6 3. d4 cxd4 4. Qxd4 Nf6 5. Bf4 Nc6 6. Qd2 Bg7 7. e4 O-O 8.
Be2 d6 9. O-O a6 10. Rfd1 Qb6 11. Be3 Qc7 12. Nd5 Nxd5 13. exd5 Ne5 14. Nxe5
Bxe5 15. c4 Bd7 16. Rac1 Rac8 17. Qb4 a5 18. Qb3 a4 19. Qb4 Ra8 20. Bb6 Qb8 21.
Rd3 Kg7 22. Ra3 h5 23. Bd1 Qe8 24. Bc2 Kh7 25. Re1 Bf6 26. c5 Qc8 27. Bb1 dxc5
28. Bxc5 Bxb2 29. Rae3 a3 30. Rxe7 Ra4 31. Qb6 Ra6 32. Qb4 Ra4 33. Qb6 Ra6 34.
Qb4 Ra4 35. Qb6 1/2-1/2

[Event "DEM U16 2003"]
[Site "Willingen GER"]
[Date "2003.06.09"]
[Round "3"]
[White "Brüdigam, Martin"]
[Black "Shmirina, Evgenija"]
[Result "1-0"]
[Termination "normal"]
[Board "7"]
[WhiteElo "1926"]
[BlackElo "2146"]
[PlyCount "51"]
[WhiteFideId "24608033"]
[BlackFideId "4693809"]
[EventCountry "GER"]
[EventRounds "9"]
[EventType "swiss"]
[EventDate "2003.06.07"]

1. e4 e6 2. d4 d5 3. Nd2 Nf6 4. e5 Nfd7 5. Bd3 c5 6. c3 Nc6 7. Ne2 cxd4 8. cxd4
f6 9. exf6 Nxf6 10. Nf3 Bd6 11. O-O Qc7 12. Re1 O-O 13. Qc2 Kh8 14. Bd2 a6 15.
Rac1 Qf7 16. Nf4 Bxf4 17. Bxf4 Nb4 18. Ne5 Qh5 19. Qc5 Nd7 20. Qxb4 Rxf4 21.
Qe7 Nf8 22. Rc7 Qh6 23. g3 Rf6 24. Ng4 Qg5 25. Nxf6 Qxf6 26. Qe8 1-0

[Event "DEM U16 2003"]
[Site "Willingen GER"]
[Date "2003.06.09"]
[Round "3"]
[White "Poysti, Nathanael"]
[Black "Grimberg, Boris"]
[Result "0-1"]
[Termination "normal"]
[Board "8"]
[WhiteElo "1879"]
[BlackElo "2136"]
[PlyCount "96"]
[BlackFideId "4697499"]
[EventCountry "GER"]
[EventRounds "9"]
[EventType "swiss"]
[EventDate "2003.06.07"]

1. d4 d5 2. Nf3 Nf6 3. Nc3 e6 4. a3 c5 5. Bg5 cxd4 6. Nxd4 Be7 7. e3 Nc6 8. Be2
O-O 9. O-O a6 10. Na4 e5 11. Nb3 b6 12. Nc3 Be6 13. Kh1 Qd7 14. Na4 Qc7 15. f4
h6 16. Bh4 Rfd8 17. fxe5 Nxe5 18. Nd4 b5 19. Nc3 Ng6 20. Bg3 Bd6 21. Bxd6 Qxd6
22. Nf5 Bxf5 23. Rxf5 Qe6 24. Qd3 Ne5 25. Rxe5 Qxe5 26. Bf3 Ne4 27. Bxe4 dxe4
28. Qxe4 Qxe4 29. Nxe4 Re8 30. Nc3 Rxe3 31. Kg1 Rd8 32. Kf2 Re5 33. Rd1 Rxd1
34. Nxd1 Kf8 35. Ne3 Rc5 36. Ke2 Ke7 37. Kd3 Ke6 38. Kd4 Rc8 39. c4 bxc4 40.
Nxc4 f5 41. b4 g5 42. a4 Rb8 43. Kc5 f4 44. b5 axb5 45. axb5 g4 46. Nd2 Rd8 47.
Ne4 Kf5 48. Nd6+ Rxd6 0-1

[Event "DEM U16 2003"]
[Site "Willingen GER"]
[Date "2003.06.09"]
[Round "3"]
[White "Feuerstack, Aljoscha"]
[Black "Beckmann, Emanuel"]
[Result "1-0"]
[Termination "normal"]
[Board "9"]
[WhiteElo "2118"]
[BlackElo "1842"]
[PlyCount "65"]
[WhiteFideId "4681932"]
[BlackFideId "24608025"]
[EventCountry "GER"]
[EventRounds "9"]
[EventType "swiss"]
[EventDate "2003.06.07"]

1. e4 c5 2. c3 Nf6 3. e5 Nd5 4. d4 cxd4 5. cxd4 Nc6 6. Nf3 d6 7. Bc4 Nb6 8. Bb3
dxe5 9. d5 Na5 10. Nc3 g6 11. Nxe5 Nxb3 12. Qxb3 Bg7 13. Bf4 O-O 14. Rd1 Bf5
15. O-O Nd7 16. Nf3 Qb6 17. Qa3 Qc5 18. Qb3 Qb6 19. Rfe1 Qxb3 20. axb3 Rfe8 21.
Nb5 e5 22. dxe6 Rxe6 23. Rxe6 Bxe6 24. Nc7 Bxb3 25. Rxd7 Rc8 26. Rd3 Bc4 27.
Rd2 h6 28. h4 Bf6 29. Bg3 b5 30. Nd5 Bd8 31. Rc2 Rc6 32. Ne5 Rc5 33. Ne3 1-0

[Event "DEM U16 2003"]
[Site "Willingen GER"]
[Date "2003.06.09"]
[Round "3"]
[White "Kürsten, Rüdiger"]
[Black "Laßan, Christian"]
[Result "0-1"]
[Termination "normal"]
[Board "10"]
[WhiteElo "1850"]
[BlackElo "2089"]
[PlyCount "150"]
[WhiteFideId "24605816"]
[BlackFideId "4685997"]
[EventCountry "GER"]
[EventRounds "9"]
[EventType "swiss"]
[EventDate "2003.06.07"]

1. Nf3 d5 2. g3 Nd7 3. d4 Ngf6 4. Bg2 e6 5. O-O Ne4 6. c4 c6 7. Qc2 Be7 8. Nbd2
f5 9. Rb1 a5 10. c5 O-O 11. a3 Bf6 12. b4 axb4 13. axb4 e5 14. Nb3 Qe7 15. dxe5
Nxe5 16. Nfd4 Nc4 17. Kh1 Bxd4 18. Nxd4 Bd7 19. f3 Nf6 20. Re1 Ra7 21. Qc3 Rfa8
22. e4 fxe4 23. fxe4 Re8 24. Nc2 Qf7 25. exd5 Rxe1+ 26. Nxe1 cxd5 27. Nd3 Bf5
28. Rb3 Ne4 29. Qd4 Ra8 30. Kg1 Re8 31. Nb2 Bg6 32. Nxc4 dxc4 33. Rf3 Qe6 34.
Re3 h6 35. Bb2 Re7 36. b5 Rd7 37. Rxe4 Bxe4 38. Qxe4 Qxe4 39. Bxe4 Rd1+ 40. Kg2
Rd2+ 41. Kh3 Rxb2 42. Bd5+ Kf8 43. Bxc4 Rc2 44. Bd5 Rxc5 45. Bxb7 Rxb5 46. Bc6
Rb2 47. Bf3 Ke7 48. g4 g5 49. Kg3 Rb3 50. Kg2 Kf6 51. Bc6 Ke5 52. Bd7 Kf4 53.
h4 Rg3+ 54. Kh2 gxh4 55. Be6 Ke3 56. Bc8 Kf4 57. Be6 Kg5 58. Bc4 Kxg4 59. Be6+
Kf4 60. Bd7 Rc3 61. Be6 Kg5 62. Kg2 Kf4 63. Bd7 h3+ 64. Kh2 Kg5 65. Bxh3 Kh4
66. Bf5 Rf3 67. Bg6 Rf2+ 68. Kg1 Kg3 69. Bh5 Rc2 70. Kf1 Rc5 71. Bg6 h5 72. Ke2
h4 73. Kd2 h3 74. Be4 h2 75. Ba8 Ra5 0-1

[Event "DEM U16 2003"]
[Site "Willingen GER"]
[Date "2003.06.09"]
[Round "3"]
[White "Lang, Henry"]
[Black "Ratkovitch, Dimitri"]
[Result "0-1"]
[Termination "normal"]
[Board "11"]
[WhiteElo "1676"]
[BlackElo "1818"]
[PlyCount "88"]
[BlackFideId "24608050"]
[EventCountry "GER"]
[EventRounds "9"]
[EventType "swiss"]
[EventDate "2003.06.07"]

1. Nf3 d6 2. g3 g6 3. Bg2 Bg7 4. c4 e5 5. d3 Ne7 6. Nc3 O-O 7. O-O Kh8 8. d4
Nec6 9. d5 Ne7 10. e4 Nd7 11. b4 a5 12. Qa4 h6 13. Rb1 f5 14. a3 Rf7 15. Qc2
Bf8 16. Nh4 f4 17. Nf3 g5 18. h3 Ng6 19. Nh2 h5 20. g4 hxg4 21. hxg4 Nh4 22. f3
Rh7 23. Bh1 Qf6 24. Rf2 Qh6 25. Nf1 Nf6 26. Rh2 axb4 27. axb4 Kg7 28. Nb5 Kg6
29. c5 Qg7 30. cxd6 Bxd6 31. Bd2 Qd7 32. Nxd6 cxd6 33. Be1 Qb5 34. Qe2 Bd7 35.
Rb2 Ra3 36. Qxb5 Bxb5 37. Rhf2 Rc7 38. Bd2 Nd7 39. Rb1 Nb6 40. Be1 Nc4 41. Nd2
Ne3 42. Nb3 Bd3 43. Rbb2 Nd1 44. Ra2 Rxb3 0-1

[Event "DEM U16 2003"]
[Site "Willingen GER"]
[Date "2003.06.09"]
[Round "3"]
[White "Frübing, Stefan"]
[Black "Zollondz, Mark"]
[Result "1-0"]
[Termination "normal"]
[Board "12"]
[WhiteElo "2063"]
[BlackElo "1819"]
[PlyCount "23"]
[WhiteFideId "4682165"]
[EventCountry "GER"]
[EventRounds "9"]
[EventType "swiss"]
[EventDate "2003.06.07"]

1. e4 Nf6 2. Nc3 d5 3. exd5 Nxd5 4. Bc4 Nxc3 5. Qf3 e6 6. dxc3 Bd6 7. h4 Nc6 8.
Bg5 Be7 9. Qg3 Qd6 10. Bf4 e5 11. Qxg7 Qf6 12. Bxf7+ 1-0

[Event "DEM U16 2003"]
[Site "Willingen GER"]
[Date "2003.06.09"]
[Round "3"]
[White "Wolter, Jens"]
[Black "Kaufmann, Benjamin"]
[Result "1/2-1/2"]
[Termination "normal"]
[Board "13"]
[WhiteElo "1790"]
[BlackElo "1675"]
[PlyCount "43"]
[WhiteFideId "4698185"]
[BlackFideId "24613525"]
[EventCountry "GER"]
[EventRounds "9"]
[EventType "swiss"]
[EventDate "2003.06.07"]

1. e4 e5 2. d4 exd4 3. Qxd4 Nc6 4. Qe3 Nf6 5. Nc3 Bb4 6. Bd2 O-O 7. O-O-O Re8
8. Qg3 Bxc3 9. Bxc3 Rxe4 10. Bd3 Re8 11. Nh3 d6 12. Kb1 Bd7 13. Ng5 Ne5 14.
Rde1 h6 15. Ne4 Nxe4 16. Bxe4 Bc6 17. f4 Bxe4 18. fxe5 Bg6 19. h4 dxe5 20. h5
Bh7 21. Bxe5 f6 22. Bc3 1/2-1/2

[Event "DEM U16 2003"]
[Site "Willingen GER"]
[Date "2003.06.09"]
[Round "3"]
[White "Hillmann, Michael"]
[Black "Victor, Silver Star"]
[Result "1-0"]
[Termination "normal"]
[Board "14"]
[WhiteElo "1763"]
[BlackElo "1628"]
[PlyCount "77"]
[WhiteFideId "24609889"]
[EventCountry "GER"]
[EventRounds "9"]
[EventType "swiss"]
[EventDate "2003.06.07"]

1. d4 d5 2. Nf3 c6 3. c4 e6 4. Nc3 dxc4 5. a4 Bb4 6. Bd2 a5 7. e3 b5 8. axb5
Bxc3 9. Bxc3 cxb5 10. b3 Bb7 11. bxc4 b4 12. Bb2 Nf6 13. Bd3 O-O 14. O-O Nbd7
15. Re1 Nb6 16. c5 Nbd5 17. Ne5 Qe8 18. Qa4 Ne7 19. Bb5 Qd8 20. Nc4 Nfd5 21.
Nxa5 Nc6 22. Bxc6 Bxc6 23. Nxc6 Rxa4 24. Nxd8 Rxa1 25. Rxa1 Rxd8 26. Kf1 h6 27.
Ke2 e5 28. dxe5 Nc3+ 29. Bxc3 bxc3 30. Rc1 Rd5 31. Rxc3 Rxe5 32. Kd3 Re7 33. c6
Rc7 34. Kd4 Kf8 35. Kd5 Ke7 36. Rb3 Kd8 37. Rb8+ Ke7 38. Rb7 Kd8 39. Kd6 1-0

[Event "DEM U16 2003"]
[Site "Willingen GER"]
[Date "2003.06.10"]
[Round "4"]
[White "Degtiarev, Jewgeni"]
[Black "Meier, Georg"]
[Result "0-1"]
[Termination "time forfeit"]
[Board "1"]
[WhiteElo "2254"]
[BlackElo "2253"]
[PlyCount "72"]
[WhiteFideId "4149610"]
[BlackFideId "4675783"]
[EventCountry "GER"]
[EventRounds "9"]
[EventType "swiss"]
[EventDate "2003.06.07"]

1. e4 e6 2. d4 d5 3. Nd2 dxe4 4. Nxe4 Nd7 5. Nf3 Ngf6 6. Nxf6+ Nxf6 7. c3 Be7
8. Bd3 O-O 9. Bf4 b6 10. Qe2 Bb7 11. O-O-O Qc8 12. h4 c5 13. dxc5 Qxc5 14. Rh3
Rfd8 15. Be5 Bd6 16. Bxf6 gxf6 17. h5 Bf4+ 18. Kb1 f5 19. Rh4 Bh6 20. g4 f4 21.
g5 Bxf3 22. Qxf3 Bxg5 23. Rg4 Kf8 24. Bxh7 Rxd1+ 25. Qxd1 Ke7 26. Qg1 Bh6 27.
Qh1 Rd8 28. Qh4+ f6 29. Bc2 Rd2 30. Rg6 Bg5 31. Qh1 Kd6 32. Rg8 Qxf2 33. Rd8+
Kc7 34. Rxd2 Qxd2 35. h6 Bxh6 36. c4 f3 0-1

[Event "DEM U16 2003"]
[Site "Willingen GER"]
[Date "2003.06.10"]
[Round "4"]
[White "Eisenbeiser, Amadeus"]
[Black "Lutz, Dieter"]
[Result "0-1"]
[Termination "time forfeit"]
[Board "2"]
[WhiteElo "2243"]
[BlackElo "2139"]
[PlyCount "74"]
[WhiteFideId "4678338"]
[BlackFideId "4667565"]
[EventCountry "GER"]
[EventRounds "9"]
[EventType "swiss"]
[EventDate "2003.06.07"]

1. e4 c5 2. Nf3 e6 3. d3 Nc6 4. g3 g6 5. Bg2 Bg7 6. O-O Nge7 7. Nbd2 O-O 8. Re1
d6 9. Nf1 Ne5 10. Nxe5 dxe5 11. Ne3 Nc6 12. a4 b6 13. Nc4 Ba6 14. b3 Qc7 15.
Bd2 Bb7 16. Bc3 a6 17. Na3 Nd4 18. b4 cxb4 19. Bxb4 Rfc8 20. Nc4 b5 21. Ba5 Qc5
22. Nb6 Nxc2 23. d4 exd4 24. Nxc8 Rxc8 25. Rc1 b4 26. Qd2 b3 27. Red1 d3 28.
Rb1 b2 29. Bf1 Bxe4 30. Qf4 f5 31. Bxd3 Bxd3 32. Rxd3 Qxa5 33. Qd6 Qe5 34. Qd7
Rb8 35. Rd6 Nd4 36. Qc7 Rf8 37. Qb6 Qe4 0-1

[Event "DEM U16 2003"]
[Site "Willingen GER"]
[Date "2003.06.10"]
[Round "4"]
[White "Grimberg, Boris"]
[Black "Heinz, Axel"]
[Result "0-1"]
[Termination "normal"]
[Board "3"]
[WhiteElo "2136"]
[BlackElo "2269"]
[PlyCount "56"]
[WhiteFideId "4697499"]
[BlackFideId "4667557"]
[EventCountry "GER"]
[EventRounds "9"]
[EventType "swiss"]
[EventDate "2003.06.07"]

1. d4 Nf6 2. c4 e6 3. Nf3 b6 4. g3 Bb7 5. Bg2 Be7 6. O-O O-O 7. Nc3 Ne4 8. Nxe4
Bxe4 9. Ne1 Bxg2 10. Nxg2 d6 11. b3 Bf6 12. Bb2 c5 13. Qd2 Nc6 14. e3 cxd4 15.
exd4 d5 16. Rad1 Rc8 17. cxd5 exd5 18. Rfe1 Qd7 19. Nf4 Bg5 20. h4 Bh6 21. Ba3
Rfe8 22. Kg2 f6 23. Re3 Bxf4 24. Rxe8+ Rxe8 25. Qxf4 Re4 26. Qc1 Nxd4 27. Qc3
Nb5 28. Qd3 Rd4 0-1

[Event "DEM U16 2003"]
[Site "Willingen GER"]
[Date "2003.06.10"]
[Round "4"]
[White "Laßan, Christian"]
[Black "Armbrust, Florian"]
[Result "1/2-1/2"]
[Termination "normal"]
[Board "4"]
[WhiteElo "2089"]
[BlackElo "2234"]
[PlyCount "52"]
[WhiteFideId "4685997"]
[BlackFideId "4691350"]
[EventCountry "GER"]
[EventRounds "9"]
[EventType "swiss"]
[EventDate "2003.06.07"]

1. e4 c5 2. c3 g6 3. Nf3 Bg7 4. d4 cxd4 5. cxd4 d5 6. exd5 Nf6 7. Nc3 a6 8. Qb3
O-O 9. Be2 Nbd7 10. O-O Nb6 11. Ne5 Nfxd5 12. Bf3 Nxc3 13. Qxc3 Nd5 14. Qb3 Nc7
15. Rd1 Nb5 16. Be3 Be6 17. d5 Bf5 18. Nc4 Rc8 19. Rac1 Nd6 20. Nb6 Rxc1 21.
Rxc1 Nb5 22. Qb4 Qd6 23. Qd2 Qf6 24. g4 Nd4 25. Bxd4 Qxd4 26. Qxd4 Bxd4 1/2-1/2